1930 1891 1679 1037 1316 1215 1723 1600 1040 1948 1090 1177 1260 1023 1602 1310 1732 1938 1959 1859 1381 1355 1028 1303 1623 1317 1700 1670 1138 1493 1937 1270 1004 1078 1182 1239 1011 1668 1549 1109 1222 1885 1922 1883 1249 1800 1179 1854 1277 1147 1871 1023 1981 1923 1663 1701 1459 1807 1141 1441 1066 1577 1310 1429 1363 1047 1964 1115 1762 1473 1069 1309 1761 1910 1807 1293 1591 1117 1300 1489 1124 1897 1607 1031 1050 1794 1679 1649 1219 1342 1909 1899 1504 1400 1563 1467 1425 1775 1376 BCNSPRNW ULIB Ver.6.0+V

เปลี่ยนเป็นภาษาไทย

Change to English
 แสดงรายละเอียดบรรณานุกรม
  กลับหน้าหลัก

Brief Record : Get Marc (ISO 2709) : E-mail record : QR code < ปิดหน้าต่าง
LEADER : 00000nam 2200000uu 4500
001    13399120814
003     ULIB
008    121017s2547||||th 000 0 tha d
020    ^a9741328508
060 04 ^aWI140^bร924 ล.1 2547
245 00 ^aโรคทางเดินอาหารและการรักษา 1 /^cสุเทพ กลชาญวิทย์,ปิยะวัฒน์ โกมลมิศร์, บรรณาธิการ
250    ^aพิมพ์ครั้งที่ 2
260    ^aกรุงเทพฯ :^bสาขาวิชาโรคทางเดินอาหาร ภาควิชาอายุรศาสตร์คณะแพทยศาสตร์ จุฬาลงกรณ์มหาวิทยาลัย,^c2547
300    ^a(10) 236 หน้า :^bภาพประกอบ ;^c26 ซม.
504    ^aบรรณานุกรม
650  2 ^aGastrointestinal Diseases^xtherapy
650  7 ^aระบบกระเพาะอาหารและลำไส้^xโรค
650  7 ^aกระเพาะอาหารและลำไส้, โรค^xการรักษา
650  7 ^aกระเพาะอาหารและลำไส้, โรค^xการวินิจฉัย
650  7 ^aระบบกระเพาะอาหารและลำไส้^xโรค^xการรักษา
700 0  ^aสุเทพ กลชาญวิทย์,^eบรรณาธิการ
700 0  ^aปิยะวัฒน์ โกมลมิศร์,^eบรรณาธิการ
945    ^p0^l0^i13881
995    ^aกัณชพร
999 ^a ใช้งานได้ทุกระบบ
รายการนี้ยังไม่มีแท็ก
คุณยังไม่ได้ล็อกอิน คุณสามารถมีกิจกรรมร่วมกับเว็บไซต์ได้ แต่ต้องล็อกอินก่อน ::
  ล็อกอิน

รายการสื่อสารสนเทศ

ลำดับที่ ประเภท เลขเรียก/บาร์โค้ด สถานที่ สถานะ
1. วิทยาศาสตร์การแพทย์ และสุขภาพ
วิทยาศาสตร์การแพทย์ และสุขภาพ
WI140 ร924 ล.1 2547  
  Barcode: 13881
ห้องสมุดวิทยาเขตสวรรค์ประชารักษ์
►หนังสือทั่วไป
บนชั้น

BibComment


ยังไม่เคยถูกคอมเมนท์

คอมเมนท์ทรัพยากรรายการนี้
  คอมเมนท์: โรคทางเดินอาหารแ..


 Copyright 2026. Bcnsprnw @Library